| 000 | 00372nam a2200157Ia 4500 | ||
|---|---|---|---|
| 008 | 210210b1896 xxu||||| |||| 00| 0 eng d | ||
| 041 | _aeng | ||
| 082 | _a825/1197 | ||
| 100 | _aLOBBAN (J H) | ||
| 245 | _aEnglish essays | ||
| 260 |
_aLondon _bBlackie and Son Limited _c1896 |
||
| 650 | _aessays | ||
| 650 | _aEnglish | ||
| 690 | _aEnglish Criticism | ||
| 906 | _a015511 | ||
| 999 |
_c134881 _d134881 |
||